000 01504nam a2200349 a 4500
001 000038599
003 DO-SdBNP
005 20210901095351.0
007 000038599
008 091204s2013-15 dr 000 0 spa d
020 _a9789945492156 (Obra completa)
040 _aBPMSU
_bspa
_cBPMSU
082 4 _aRD868.42
_bH519o, 2013
_2 22
100 1 _aHenríquez Ureña, Pedro,
_d1884 -1946
245 1 0 _aObras completas /
_cPedro Henríquez Ureña ; compilador y editor Miguel D. Mena.
246 1 3 _aObras completas de Pedro Henríquez Ureña
260 _aSanto Domingo :
_bEditora Nacional,
_c2013-15
300 _a14 v. ;
_c22 cm.
500 _aIncluye índice
500 _aIncluye datos biográficos del autor en la solapa de la cubierta
504 _aIncluye referencias bibliográficas y notas la pie de las páginas
505 0 _gv.1
_tTeatro-poesía-narrativa
_gv.2
_t1899-1910
_gv.3
_t1899-1910
_gv.4
_t1911-1920
_gv.5
_t1911-1920
_gv. 6
_t1911-1920
_gv.7, I
_t1921-1928
_gv.8, II
_t1921-1928
_g1929-1935
_gv.10, I
_t1936-1940
_gv.11, II
_t1936-1942
_gv.12, III
_t1936-1940
_gv.13, I
_t1941-1946
_gv.14, II
_t1941-1946
590 _6Inventariado, 2021/VM
600 1 4 _aHenríquez Ureña, Pedro
_d1884-1946
_xColecciones de escritos
650 4 _aEnsayos dominicanos
650 4 _aLiteratura dominicana
_xHistoria y crítica
700 1 2 _aMena, Miguel D.
_epról.
910 _aVMateo V.
942 _2ddc
_cBK
945 _aInvetnariado / 2017 VM
956 _aVMATEO
_b10
_cBPMSU
_l20150721
_h00151
999 _c7984
_d7984